O Coperativismo Agrícola em Santa María da Vitória, uma experiencia pioneira /
En este se resumen la experiencia de una de las primeras cooperativas agrícolas en Santa Maria da Vitória, mostrando aspectos como fundación, conformación, historia y funcionamiento. Con lo cual se evidencia la trascendencia del cooperativismo.
Na minha lista:
| Autor principal: | |
|---|---|
| Formato: | Texto |
| Assuntos: | |
| Tags: |
Adicionar Tag
Sem tags, seja o primeiro a adicionar uma tag!
|
MARC
| LEADER | 00000 a a2200000 04500 | ||
|---|---|---|---|
| 001 | 41879 | ||
| 003 | |||
| 040 | |||
| 100 | |a Lisboa Neto, Joaquim | ||
| 245 | |a O Coperativismo Agrícola em Santa María da Vitória, uma experiencia pioneira / |c Joaquim Lisboa Neto | ||
| 500 | |a Artículo en potugués. | ||
| 520 | |a En este se resumen la experiencia de una de las primeras cooperativas agrícolas en Santa Maria da Vitória, mostrando aspectos como fundación, conformación, historia y funcionamiento. Con lo cual se evidencia la trascendencia del cooperativismo. | ||
| 590 | |a SJB/DICIEMBRE2012 | ||
| 650 | |a 1.COOPERATIVAS AGRICOLAS | ||
| 650 | |a 2.MOVIMIENTOS COOPERATIVOS | ||
| 650 | |a 3.AGRICULTURA | ||
| 650 | |a 4.COOPERATIVISMO | ||
| 650 | |a 5.BRASIL | ||
| 773 | |g número5-6 (1985), páginas 235-238 | ||
| 999 | |c 32652 |d 32652 | ||
